Statistics for How Many Countries Does it Border?

Click here to take the quiz!

General Stats

  • This quiz has been taken 145 times
  • The average score is 8 of 20

Answer Stats

QuestionAnswer% Correct
United States2
93%
Vietnam3
67%
Romania5
49%
Russia14
48%
United Arab Emirates2
48%
Brazil10
47%
Honduras3
45%
Indonesia3
45%
Uganda5
45%
South Africa6
43%
Germany9
40%
Bolivia5
39%
Senegal5
34%
Kazakhstan5
34%
Iraq6
34%
Pakistan4
32%
Poland7
29%
Libya6
22%
Niger6
22%
France10
19%

Score Distribution

Percentile by Number Answered

Percent of People with Each Score

Your Score History

You have not taken this quiz